000 00448ntaaa2200181 4500
003 01
005 20251027202521.0
008 0714s1973 ag 01
040 _aAR-BaBN
_bspa
_cAR-BaBN
_eaacr
_dRIC
082 _a232.5000 B46
100 _aBetancurt, Reynaldo
245 _aLa Resurreccion de Jesus
250 _a1 ed.
260 _aBuenos Aires :
_bSeminario Teologico Bautista,
_c1968
300 _a19 p.
500 _aMonografia
942 _cBK
999 _c20210
_d20210